Datum a čas kvízu
30.5
Celkem bodů
Celkový počet nahraných bodů na tomto kvízu bez doplňovacích otázek.
2.
Pořadí na kvízu
Konečné umístění týmu na tomto kvízu.
Zaznamenané odpovědi
| # | Otázka | Odpověď | Body | Výsledky |
|---|---|---|---|---|
| 1. | Polistopadový ministr vnitra a... | 1 | ||
| 2. | Parlament jedné země v úterý z... | 1 | ||
| 3. | Ještě nikdy ve své historii ne... | 1 | ||
| 4. | Obchodní řetězec Penny začal p... | 1 | ||
| 5. | Olympijský vítěz z Nagana nabí... | 1 | ||
| 6. | Také se Vám někdy stane, že v... | 1 | ||
| 7. | Napište slovo s českým slovním... | 0 | ||
| 8. | V zimě často slyšíme, že silni... | 0 | ||
| 9. | Ve filmu Tajemství hradu v Kar... | 0 | ||
| 10. | Jaký je význam slova frigidní,... | 1 |